[Event "DEM U12w 2022"]
[Site "Willingen GER"]
[Date "2022.06.06"]
[Round "3"]
[White "Bauer, Laura Sophie"]
[Black "Zhou, Leyi Charlotte"]
[Result "1-0"]
[Termination "normal"]
[Board "7"]
[WhiteElo "1428"]
[BlackElo "1315"]
[WhiteClock "00:46:50"]
[BlackClock "01:11:28"]
[PlyCount "77"]
[WhiteFideId "16253647"]
[BlackFideId "16258100"]
[EventCountry "GER"]
[EventRounds "9"]
[EventType "swiss"]
[EventDate "2022.06.04"]

1. e4 {[%clk 01:30:58]} {[%emt 00:00:01]} e5 {[%clk 01:30:53]} {[%emt
00:00:07]} 2. Nf3 {[%clk 01:31:23]} {[%emt 00:00:06]} Nc6 {[%clk 01:31:08]}
{[%emt 00:00:14]} 3. Bb5 {[%clk 01:31:45]} {[%emt 00:00:08]} a6 {[%clk
01:31:24]} {[%emt 00:00:14]} 4. Ba4 {[%clk 01:32:11]} {[%emt 00:00:05]} Nge7
{[%clk 01:31:38]} {[%emt 00:00:16]} 5. O-O {[%clk 01:29:40]} {[%emt 00:03:01]}
g6 {[%clk 01:31:20]} {[%emt 00:00:48]} 6. c3 {[%clk 01:29:37]} {[%emt
00:00:33]} b5 {[%clk 01:31:33]} {[%emt 00:00:17]} 7. Bb3 {[%clk 01:29:59]}
{[%emt 00:00:08]} Bg7 {[%clk 01:31:42]} {[%emt 00:00:21]} 8. d4 {[%clk
01:29:38]} {[%emt 00:00:51]} exd4 {[%clk 01:31:59]} {[%emt 00:00:12]} 9. cxd4
{[%clk 01:29:58]} {[%emt 00:00:10]} O-O {[%clk 01:31:46]} {[%emt 00:00:43]} 10.
Bg5 {[%clk 01:29:21]} {[%emt 00:01:07]} h6 {[%clk 01:31:51]} {[%emt 00:00:25]}
11. Bh4 {[%clk 01:29:36]} {[%emt 00:00:15]} d6 {[%clk 01:31:07]} {[%emt
00:01:14]} 12. h3 {[%clk 01:28:20]} {[%emt 00:01:46]} g5 {[%clk 01:30:23]}
{[%emt 00:01:15]} 13. Bg3 {[%clk 01:27:32]} {[%emt 00:01:18]} Na5 {[%clk
01:30:39]} {[%emt 00:00:14]} 14. Bc2 {[%clk 01:27:40]} {[%emt 00:00:21]} c5
{[%clk 01:30:58]} {[%emt 00:00:11]} 15. Nc3 {[%clk 01:24:07]} {[%emt 00:04:04]}
Ng6 {[%clk 01:29:10]} {[%emt 00:02:18]} 16. a4 {[%clk 01:19:13]} {[%emt
00:05:24]} Qd7 {[%clk 01:28:23]} {[%emt 00:01:16]} 17. Nd5 {[%clk 01:17:28]}
{[%emt 00:02:15]} Qc6 {[%clk 01:27:22]} {[%emt 00:01:32]} 18. b3 {[%clk
01:10:57]} {[%emt 00:07:01]} Be6 {[%clk 01:23:53]} {[%emt 00:04:00]} 19. Qd2
{[%clk 01:02:56]} {[%emt 00:08:29]} Nb7 {[%clk 01:21:56]} {[%emt 00:02:28]} 20.
Ne3 {[%clk 00:56:33]} {[%emt 00:06:52]} Qd7 {[%clk 01:16:53]} {[%emt 00:05:33]}
21. axb5 {[%clk 00:53:10]} {[%emt 00:03:54]} axb5 {[%clk 01:16:48]} {[%emt
00:00:35]} 22. Rxa8 {[%clk 00:53:17]} {[%emt 00:00:23]} Rxa8 {[%clk 01:16:22]}
{[%emt 00:00:55]} 23. d5 {[%clk 00:53:36]} {[%emt 00:00:11]} Bxh3 {[%clk
01:16:32]} {[%emt 00:00:20]} 24. gxh3 {[%clk 00:54:01]} {[%emt 00:00:06]} Qxh3
{[%clk 01:16:05]} {[%emt 00:00:57]} 25. Nf5 {[%clk 00:53:25]} {[%emt 00:01:05]}
Ne5 {[%clk 01:16:10]} {[%emt 00:00:26]} 26. Nxe5 {[%clk 00:51:57]} {[%emt
00:01:57]} Bxe5 {[%clk 01:14:49]} {[%emt 00:01:51]} 27. Bxe5 {[%clk 00:51:00]}
{[%emt 00:01:27]} dxe5 {[%clk 01:15:04]} {[%emt 00:00:15]} 28. Qe3 {[%clk
00:50:19]} {[%emt 00:01:08]} Qh5 {[%clk 01:12:36]} {[%emt 00:03:02]} 29. Bd1
{[%clk 00:50:08]} {[%emt 00:00:40]} g4 {[%clk 01:12:04]} {[%emt 00:01:02]} 30.
Qxh6 {[%clk 00:49:27]} {[%emt 00:01:11]} Qxh6 {[%clk 01:11:07]} {[%emt
00:01:27]} 31. Nxh6+ {[%clk 00:49:51]} {[%emt 00:00:06]} Kh7 {[%clk 01:11:27]}
{[%emt 00:00:10]} 32. Nxf7 {[%clk 00:49:52]} {[%emt 00:00:29]} Re8 {[%emt
00:03:42]} 33. Ng5+ {[%clk 00:47:09]} {[%emt 00:00:15]} Kh6 {[%clk 01:10:28]}
{[%emt 00:01:16]} 34. Ne6 {[%clk 00:47:02]} {[%emt 00:00:36]} Rg8 {[%clk
01:10:41]} {[%emt 00:00:18]} 35. Kg2 {[%clk 00:47:11]} {[%emt 00:00:20]} Kh5
{[%clk 01:10:44]} {[%emt 00:00:26]} 36. Rh1+ {[%clk 00:47:19]} {[%emt
00:00:23]} Kg6 {[%clk 01:11:08]} {[%emt 00:00:06]} 37. Bxg4 {[%clk 00:47:07]}
{[%emt 00:00:42]} Kf6 {[%clk 01:11:04]} {[%emt 00:00:35]} 38. f3 {[%clk
00:47:25]} {[%emt 00:00:11]} Nd6 {[%clk 01:11:28]} {[%emt 00:00:07]} 39. Nxc5
{[%clk 00:46:50]} {[%emt 00:01:04]} 1-0

[Event "DEM U12w 2022"]
[Site "Willingen GER"]
[Date "2022.06.06"]
[Round "3"]
[White "Neininger, Sarah"]
[Black "Rafikova, Ailin"]
[Result "1/2-1/2"]
[Termination "normal"]
[Board "8"]
[WhiteElo "1429"]
[BlackElo "1273"]
[WhiteClock "00:25:41"]
[BlackClock "00:21:17"]
[PlyCount "92"]
[WhiteFideId "16287410"]
[BlackFideId "34612173"]
[EventCountry "GER"]
[EventRounds "9"]
[EventType "swiss"]
[EventDate "2022.06.04"]

1. e4 {[%clk 01:30:58]} {[%emt 00:00:01]} e5 {[%clk 01:30:38]} {[%emt
00:00:22]} 2. Nf3 {[%clk 01:31:22]} {[%emt 00:00:06]} Nc6 {[%clk 01:30:58]}
{[%emt 00:00:10]} 3. Bb5 {[%clk 01:31:43]} {[%emt 00:00:09]} a6 {[%clk
01:31:04]} {[%emt 00:00:24]} 4. Ba4 {[%clk 01:32:07]} {[%emt 00:00:07]} Nf6
{[%clk 01:31:21]} {[%emt 00:00:12]} 5. O-O {[%clk 01:32:29]} {[%emt 00:00:08]}
b5 {[%clk 01:31:27]} {[%emt 00:00:25]} 6. Bb3 {[%clk 01:32:52]} {[%emt
00:00:06]} Be7 {[%clk 01:30:52]} {[%emt 00:01:05]} 7. Re1 {[%clk 01:32:50]}
{[%emt 00:00:32]} O-O {[%clk 01:30:00]} {[%emt 00:01:23]} 8. h3 {[%clk
01:32:59]} {[%emt 00:00:19]} d6 {[%clk 01:29:21]} {[%emt 00:01:10]} 9. c3
{[%clk 01:33:17]} {[%emt 00:00:11]} Nb8 {[%clk 01:27:37]} {[%emt 00:02:15]} 10.
d4 {[%clk 01:31:41]} {[%emt 00:02:06]} Nbd7 {[%clk 01:27:23]} {[%emt 00:00:44]}
11. Nbd2 {[%clk 01:31:15]} {[%emt 00:00:55]} Bb7 {[%clk 01:26:25]} {[%emt
00:01:30]} 12. Bc2 {[%clk 01:31:00]} {[%emt 00:00:44]} Re8 {[%clk 01:25:34]}
{[%emt 00:01:21]} 13. Nf1 {[%clk 01:29:53]} {[%emt 00:01:37]} Bf8 {[%clk
01:24:07]} {[%emt 00:01:57]} 14. Ng3 {[%clk 01:29:34]} {[%emt 00:00:49]} g6
{[%clk 01:23:22]} {[%emt 00:01:15]} 15. Bg5 {[%clk 01:24:58]} {[%emt 00:05:05]}
h6 {[%clk 01:16:56]} {[%emt 00:06:57]} 16. Bd2 {[%clk 01:24:15]} {[%emt
00:00:59]} Bg7 {[%clk 01:13:49]} {[%emt 00:03:50]} 17. Nh2 {[%clk 01:20:05]}
{[%emt 00:04:41]} Nh7 {[%clk 01:01:58]} {[%emt 00:12:21]} 18. Ng4 {[%clk
01:15:23]} {[%emt 00:05:12]} h5 {[%clk 00:54:52]} {[%emt 00:07:36]} 19. Nh2
{[%clk 01:14:57]} {[%emt 00:00:56]} exd4 {[%clk 00:52:36]} {[%emt 00:02:47]}
20. f4 {[%clk 00:38:36]} {[%emt 00:36:50]} dxc3 {[%clk 00:43:20]} {[%emt
00:09:45]} 21. bxc3 {[%clk 00:36:45]} {[%emt 00:02:21]} Nc5 {[%clk 00:35:33]}
{[%emt 00:08:17]} 22. f5 {[%clk 00:17:13]} {[%emt 00:20:03]} d5 {[%clk
00:23:21]} {[%emt 00:12:42]} 23. fxg6 {[%clk 00:12:17]} {[%emt 00:05:26]} fxg6
{[%clk 00:23:16]} {[%emt 00:00:34]} 24. exd5 {[%clk 00:10:19]} {[%emt
00:02:29]} Qxd5 {[%clk 00:23:06]} {[%emt 00:00:39]} 25. Bb3 {[%clk 00:09:33]}
{[%emt 00:01:17]} Rxe1+ {[%clk 00:20:36]} {[%emt 00:03:00]} 26. Bxe1 {[%clk
00:09:43]} {[%emt 00:00:20]} Nxb3 {[%clk 00:20:46]} {[%emt 00:00:20]} 27. Qxb3
{[%clk 00:10:10]} {[%emt 00:00:03]} b4 {[%clk 00:18:29]} {[%emt 00:02:46]} 28.
Rc1 {[%clk 00:09:03]} {[%emt 00:01:38]} Qxb3 {[%clk 00:15:59]} {[%emt
00:02:59]} 29. axb3 {[%clk 00:09:28]} {[%emt 00:00:06]} bxc3 {[%clk 00:14:57]}
{[%emt 00:01:32]} 30. Bxc3 {[%clk 00:09:46]} {[%emt 00:00:13]} Bh6 {[%clk
00:12:42]} {[%emt 00:02:44]} 31. Rd1 {[%clk 00:07:15]} {[%emt 00:02:57]} Bc6
{[%clk 00:11:49]} {[%emt 00:01:26]} 32. Be5 {[%clk 00:06:20]} {[%emt 00:01:22]}
Rf8 {[%clk 00:07:30]} {[%emt 00:04:53]} 33. Bxc7 {[%clk 00:04:54]} {[%emt
00:01:56]} Be3+ {[%clk 00:07:21]} {[%emt 00:00:39]} 34. Kh1 {[%clk 00:05:22]}
{[%emt 00:00:02]} Rf2 {[%clk 00:06:34]} {[%emt 00:01:17]} 35. Nf3 {[%clk
00:04:17]} {[%emt 00:01:35]} Bxf3 {[%clk 00:03:34]} {[%emt 00:03:28]} 36. gxf3
{[%clk 00:04:30]} {[%emt 00:00:19]} Rxf3 {[%clk 00:03:26]} {[%emt 00:00:38]}
37. Rd3 {[%clk 00:04:44]} {[%emt 00:00:16]} Ng5 {[%clk 00:02:59]} {[%emt
00:00:57]} 38. h4 {[%clk 00:04:28]} {[%emt 00:00:46]} Nf7 {[%clk 00:02:03]}
{[%emt 00:01:26]} 39. Bb6 {[%clk 00:02:18]} {[%emt 00:02:40]} Rxg3 {[%clk
00:01:48]} {[%emt 00:00:45]} 40. Rxe3 {[%clk 00:02:26]} {[%emt 00:00:22]} Rxe3
{[%clk 00:01:34]} {[%emt 00:00:44]} 41. Bxe3 {[%clk 00:02:41]} {[%emt
00:00:15]} Ne5 {[%clk 00:00:38]} {[%emt 00:01:26]} 42. Kg2 {[%clk 00:01:01]}
{[%emt 00:02:09]} Kf7 {[%clk 00:29:56]} {[%emt 00:01:12]} 43. Kg3 {[%clk
00:29:04]} {[%emt 00:02:25]} Kf6 {[%clk 00:25:26]} {[%emt 00:05:03]} 44. Kf4
{[%clk 00:27:01]} {[%emt 00:02:13]} Ng4 {[%clk 00:22:34]} {[%emt 00:03:41]} 45.
Bd4+ {[%clk 00:26:06]} {[%emt 00:01:25]} Ke6 {[%clk 00:20:59]} {[%emt
00:02:04]} 46. Kg5 {[%clk 00:25:41]} {[%emt 00:00:55]} Kf7 {[%clk 00:21:17]}
{[%emt 00:00:13]} 1/2-1/2

[Event "DEM U12w 2022"]
[Site "Willingen GER"]
[Date "2022.06.06"]
[Round "3"]
[White "Türel, Tugce"]
[Black "Wagner, Cosima"]
[Result "1/2-1/2"]
[Termination "normal"]
[Board "9"]
[WhiteElo "1312"]
[BlackElo "1362"]
[WhiteClock "00:09:18"]
[BlackClock "00:03:26"]
[PlyCount "80"]
[WhiteFideId "26350602"]
[BlackFideId "34603484"]
[EventCountry "GER"]
[EventRounds "9"]
[EventType "swiss"]
[EventDate "2022.06.04"]

1. e4 {[%clk 01:30:58]} {[%emt 00:00:02]} c5 {[%clk 01:30:57]} {[%emt
00:00:04]} 2. Nf3 {[%clk 01:31:22]} {[%emt 00:00:06]} Nc6 {[%clk 01:31:23]}
{[%emt 00:00:04]} 3. c4 {[%clk 01:31:45]} {[%emt 00:00:07]} Nf6 {[%clk
01:31:39]} {[%emt 00:00:13]} 4. Nc3 {[%clk 01:32:06]} {[%emt 00:00:09]} g6
{[%clk 01:32:02]} {[%emt 00:00:08]} 5. d4 {[%clk 01:32:29]} {[%emt 00:00:07]}
cxd4 {[%clk 01:32:22]} {[%emt 00:00:10]} 6. Nxd4 {[%clk 01:32:54]} {[%emt
00:00:05]} Nxd4 {[%clk 01:31:41]} {[%emt 00:01:11]} 7. Qxd4 {[%clk 01:33:16]}
{[%emt 00:00:07]} d6 {[%clk 01:32:04]} {[%emt 00:00:07]} 8. Be2 {[%clk
01:30:26]} {[%emt 00:03:19]} Bg7 {[%clk 01:32:16]} {[%emt 00:00:19]} 9. Be3
{[%clk 01:29:42]} {[%emt 00:01:14]} O-O {[%clk 01:32:37]} {[%emt 00:00:10]} 10.
Qd2 {[%clk 01:28:40]} {[%emt 00:01:32]} a5 {[%clk 01:32:30]} {[%emt 00:00:37]}
11. f3 {[%clk 01:24:38]} {[%emt 00:04:31]} Be6 {[%clk 01:14:35]} {[%emt
00:18:25]} 12. O-O {[%clk 01:16:50]} {[%emt 00:08:19]} Rc8 {[%clk 01:04:06]}
{[%emt 00:10:58]} 13. Nd5 {[%clk 01:15:17]} {[%emt 00:02:04]} Bxd5 {[%clk
01:03:45]} {[%emt 00:00:51]} 14. exd5 {[%clk 01:11:38]} {[%emt 00:04:09]} Nd7
{[%clk 01:02:44]} {[%emt 00:01:29]} 15. Rac1 {[%clk 01:09:29]} {[%emt
00:02:39]} Qc7 {[%clk 00:52:03]} {[%emt 00:11:12]} 16. b4 {[%clk 01:04:52]}
{[%emt 00:05:07]} Ra8 {[%clk 00:48:19]} {[%emt 00:04:14]} 17. a3 {[%clk
00:45:32]} {[%emt 00:19:50]} axb4 {[%clk 00:44:32]} {[%emt 00:04:17]} 18. Qxb4
{[%clk 00:45:43]} {[%emt 00:00:19]} Nc5 {[%clk 00:41:22]} {[%emt 00:03:40]} 19.
Rb1 {[%clk 00:44:07]} {[%emt 00:02:06]} Rfb8 {[%clk 00:33:10]} {[%emt
00:08:42]} 20. Bxc5 {[%clk 00:31:47]} {[%emt 00:12:50]} dxc5 {[%clk 00:30:47]}
{[%emt 00:02:53]} 21. Qb3 {[%clk 00:30:40]} {[%emt 00:01:37]} Qa5 {[%clk
00:28:22]} {[%emt 00:02:45]} 22. Qb6 {[%clk 00:26:30]} {[%emt 00:04:50]} Bd4+
{[%clk 00:23:10]} {[%emt 00:05:42]} 23. Kh1 {[%clk 00:26:43]} {[%emt 00:00:17]}
Qxb6 {[%clk 00:20:49]} {[%emt 00:02:51]} 24. Rxb6 {[%clk 00:27:02]} {[%emt
00:00:10]} Rxa3 {[%clk 00:19:30]} {[%emt 00:01:50]} 25. Rfb1 {[%clk 00:27:02]}
{[%emt 00:00:30]} Kg7 {[%clk 00:13:15]} {[%emt 00:06:45]} 26. R1b3 {[%clk
00:19:42]} {[%emt 00:07:50]} Ra1+ {[%clk 00:10:28]} {[%emt 00:03:17]} 27. Rb1
{[%clk 00:20:07]} {[%emt 00:00:06]} Rxb1+ {[%clk 00:10:38]} {[%emt 00:00:19]}
28. Rxb1 {[%clk 00:20:27]} {[%emt 00:00:10]} Ra8 {[%clk 00:11:00]} {[%emt
00:00:08]} 29. g3 {[%clk 00:19:24]} {[%emt 00:01:33]} Ra1 {[%clk 00:11:16]}
{[%emt 00:00:14]} 30. Rxa1 {[%clk 00:19:45]} {[%emt 00:00:09]} Bxa1 {[%clk
00:11:43]} {[%emt 00:00:02]} 31. Kg2 {[%clk 00:19:51]} {[%emt 00:00:25]} Bd4
{[%clk 00:11:16]} {[%emt 00:00:57]} 32. h3 {[%clk 00:18:22]} {[%emt 00:01:59]}
Kf6 {[%clk 00:09:50]} {[%emt 00:01:56]} 33. Bd3 {[%clk 00:17:20]} {[%emt
00:01:32]} e6 {[%clk 00:07:19]} {[%emt 00:03:01]} 34. Be4 {[%clk 00:15:44]}
{[%emt 00:02:07]} exd5 {[%clk 00:04:29]} {[%emt 00:03:19]} 35. Bxd5 {[%clk
00:15:12]} {[%emt 00:01:01]} b6 {[%clk 00:04:51]} {[%emt 00:00:09]} 36. f4
{[%clk 00:14:15]} {[%emt 00:01:26]} Ke7 {[%clk 00:04:38]} {[%emt 00:00:44]} 37.
Kf3 {[%clk 00:14:28]} {[%emt 00:00:17]} f6 {[%clk 00:04:12]} {[%emt 00:00:56]}
38. g4 {[%clk 00:13:59]} {[%emt 00:00:59]} g5 {[%clk 00:03:29]} {[%emt
00:01:13]} 39. fxg5 {[%clk 00:08:55]} {[%emt 00:05:34]} fxg5 {[%clk 00:03:49]}
{[%emt 00:00:10]} 40. Ke4 {[%clk 00:09:18]} {[%emt 00:00:06]} Kf6 {[%clk
00:03:26]} {[%emt 00:00:54]} 1/2-1/2

[Event "DEM U12w 2022"]
[Site "Willingen GER"]
[Date "2022.06.06"]
[Round "3"]
[White "Richter, Johanna"]
[Black "Leicher, Anna"]
[Result "0-1"]
[Termination "normal"]
[Board "10"]
[WhiteElo "1363"]
[BlackElo "1223"]
[WhiteClock "00:01:52"]
[BlackClock "00:22:54"]
[PlyCount "65"]
[WhiteFideId "16278925"]
[BlackFideId "34614966"]
[EventCountry "GER"]
[EventRounds "9"]
[EventType "swiss"]
[EventDate "2022.06.04"]

1. d4 {[%clk 01:30:57]} {[%emt 00:00:02]} d5 {[%clk 01:30:53]} {[%emt
00:00:08]} 2. c4 {[%clk 01:31:21]} {[%emt 00:00:06]} c6 {[%clk 01:31:14]}
{[%emt 00:00:09]} 3. Nf3 {[%clk 01:31:29]} {[%emt 00:00:21]} Nf6 {[%clk
01:31:24]} {[%emt 00:00:20]} 4. Nbd2 {[%clk 01:31:49]} {[%emt 00:00:10]} a6
{[%clk 01:30:13]} {[%emt 00:01:41]} 5. Qc2 {[%clk 01:27:40]} {[%emt 00:04:39]}
g6 {[%clk 01:24:34]} {[%emt 00:06:09]} 6. g3 {[%clk 01:24:51]} {[%emt
00:03:19]} Bf5 {[%clk 01:23:00]} {[%emt 00:02:05]} 7. Qb3 {[%clk 01:23:59]}
{[%emt 00:01:22]} Ra7 {[%clk 01:22:35]} {[%emt 00:00:55]} 8. Bg2 {[%clk
01:23:22]} {[%emt 00:01:06]} Bg7 {[%clk 01:20:47]} {[%emt 00:02:19]} 9. e3
{[%clk 01:21:32]} {[%emt 00:02:20]} b5 {[%clk 01:17:47]} {[%emt 00:03:29]} 10.
c5 {[%clk 01:14:27]} {[%emt 00:07:36]} Nbd7 {[%clk 01:09:29]} {[%emt 00:08:46]}
11. Nh4 {[%clk 01:08:13]} {[%emt 00:06:45]} Be6 {[%clk 01:08:05]} {[%emt
00:01:40]} 12. Qd1 {[%clk 01:07:17]} {[%emt 00:01:41]} O-O {[%clk 01:05:49]}
{[%emt 00:02:46]} 13. O-O {[%clk 01:06:39]} {[%emt 00:01:08]} g5 {[%clk
01:02:41]} {[%emt 00:03:38]} 14. Nhf3 {[%clk 01:06:46]} {[%emt 00:00:22]} g4
{[%clk 00:59:01]} {[%emt 00:04:10]} 15. Ng5 {[%clk 00:59:25]} {[%emt 00:07:51]}
Bf5 {[%clk 00:56:19]} {[%emt 00:03:12]} 16. e4 {[%clk 00:58:49]} {[%emt
00:01:07]} dxe4 {[%clk 00:55:32]} {[%emt 00:01:16]} 17. Ngxe4 {[%clk 00:58:57]}
{[%emt 00:00:23]} Rc7 {[%clk 00:54:11]} {[%emt 00:01:49]} 18. Nxf6+ {[%clk
00:57:34]} {[%emt 00:01:54]} Bxf6 {[%clk 00:52:08]} {[%emt 00:02:32]} 19. Nb3
{[%clk 00:56:49]} {[%emt 00:01:16]} e5 {[%clk 00:45:05]} {[%emt 00:07:33]} 20.
Be3 {[%clk 00:50:53]} {[%emt 00:06:27]} Bg5 {[%clk 00:38:17]} {[%emt 00:07:18]}
21. Bxg5 {[%clk 00:34:24]} {[%emt 00:16:59]} Qxg5 {[%clk 00:37:42]} {[%emt
00:01:04]} 22. dxe5 {[%clk 00:34:46]} {[%emt 00:00:08]} Nxe5 {[%clk 00:36:59]}
{[%emt 00:01:14]} 23. Qd6 {[%clk 00:34:59]} {[%emt 00:00:16]} Re7 {[%clk
00:27:40]} {[%emt 00:09:49]} 24. Nd4 {[%clk 00:24:59]} {[%emt 00:10:30]} Bd3
{[%clk 00:25:38]} {[%emt 00:02:32]} 25. Rfe1 {[%clk 00:10:41]} {[%emt
00:14:49]} Rfe8 {[%clk 00:23:27]} {[%emt 00:02:39]} 26. Re3 {[%clk 00:01:03]}
{[%emt 00:10:09]} Nc4 {[%clk 00:22:52]} {[%emt 00:01:05]} 27. f4 {[%clk
00:00:50]} {[%emt 00:00:44]} gxf3 {[%clk 00:22:21]} {[%emt 00:01:00]} 28. Qxe7
{[%clk 00:00:31]} {[%emt 00:00:49]} Rxe7 {[%clk 00:22:15]} {[%emt 00:00:37]}
29. Rxe7 {[%clk 00:00:47]} {[%emt 00:00:14]} Qxe7 {[%clk 00:22:14]} {[%emt
00:00:30]} 30. Nxc6 {[%clk 00:00:48]} {[%emt 00:00:29]} Qe3+ {[%clk 00:22:29]}
{[%emt 00:00:15]} 31. Kh1 {[%clk 00:01:12]} {[%emt 00:00:07]} fxg2+ {[%clk
00:22:35]} {[%emt 00:00:24]} 32. Kxg2 {[%clk 00:01:36]} {[%emt 00:00:06]} Be4+
{[%clk 00:22:54]} {[%emt 00:00:10]} 33. Kf1 {[%clk 00:01:52]} {[%emt 00:00:14]}
0-1

[Event "DEM U12w 2022"]
[Site "Willingen GER"]
[Date "2022.06.06"]
[Round "3"]
[White "Zhou, Jenny"]
[Black "Halas, Neele Zoe"]
[Result "1/2-1/2"]
[Termination "normal"]
[Board "11"]
[WhiteElo "1272"]
[BlackElo "1415"]
[WhiteClock "00:41:53"]
[BlackClock "00:07:16"]
[PlyCount "66"]
[WhiteFideId "16280229"]
[BlackFideId "16287282"]
[EventCountry "GER"]
[EventRounds "9"]
[EventType "swiss"]
[EventDate "2022.06.04"]

1. e4 {[%clk 01:30:59]} {[%emt 00:00:01]} e5 {[%clk 01:30:54]} {[%emt
00:00:05]} 2. Nf3 {[%clk 01:31:23]} {[%emt 00:00:06]} Nc6 {[%clk 01:31:20]}
{[%emt 00:00:05]} 3. Bc4 {[%clk 01:31:48]} {[%emt 00:00:05]} Be7 {[%clk
01:31:44]} {[%emt 00:00:05]} 4. d3 {[%clk 01:32:07]} {[%emt 00:00:12]} Nf6
{[%clk 01:32:08]} {[%emt 00:00:06]} 5. O-O {[%clk 01:32:20]} {[%emt 00:00:17]}
O-O {[%clk 01:32:33]} {[%emt 00:00:05]} 6. Nc3 {[%clk 01:32:11]} {[%emt
00:00:40]} d6 {[%clk 01:32:23]} {[%emt 00:00:40]} 7. h3 {[%clk 01:32:24]}
{[%emt 00:00:16]} a6 {[%clk 01:32:21]} {[%emt 00:00:31]} 8. a4 {[%clk
01:31:12]} {[%emt 00:01:43]} Re8 {[%clk 01:30:10]} {[%emt 00:02:40]} 9. Re1
{[%clk 01:30:04]} {[%emt 00:01:38]} h6 {[%clk 01:28:43]} {[%emt 00:01:58]} 10.
Be3 {[%clk 01:29:02]} {[%emt 00:01:32]} Bf8 {[%clk 01:27:30]} {[%emt 00:01:42]}
11. Qd2 {[%clk 01:20:20]} {[%emt 00:09:12]} b6 {[%clk 00:52:55]} {[%emt
00:35:06]} 12. d4 {[%clk 01:08:35]} {[%emt 00:12:15]} Bb7 {[%clk 00:39:27]}
{[%emt 00:13:58]} 13. d5 {[%clk 01:02:52]} {[%emt 00:06:13]} Ne7 {[%clk
00:38:13]} {[%emt 00:01:43]} 14. b4 {[%clk 01:01:34]} {[%emt 00:01:49]} Nd7
{[%clk 00:27:18]} {[%emt 00:11:26]} 15. b5 {[%clk 00:56:20]} {[%emt 00:05:43]}
a5 {[%clk 00:27:02]} {[%emt 00:00:45]} 16. Ne2 {[%clk 00:54:07]} {[%emt
00:02:43]} Kh7 {[%clk 00:26:51]} {[%emt 00:00:42]} 17. Ng3 {[%clk 00:53:19]}
{[%emt 00:01:18]} g6 {[%clk 00:24:57]} {[%emt 00:02:24]} 18. h4 {[%clk
00:52:40]} {[%emt 00:01:09]} Nf6 {[%clk 00:19:19]} {[%emt 00:06:08]} 19. Kf1
{[%clk 00:51:28]} {[%emt 00:01:41]} Ng4 {[%clk 00:18:26]} {[%emt 00:01:23]} 20.
Ke2 {[%clk 00:51:06]} {[%emt 00:00:53]} Nxe3 {[%clk 00:17:44]} {[%emt
00:01:11]} 21. Qxe3 {[%clk 00:51:26]} {[%emt 00:00:10]} f5 {[%clk 00:14:45]}
{[%emt 00:03:30]} 22. exf5 {[%clk 00:49:51]} {[%emt 00:02:04]} Nxf5 {[%clk
00:14:44]} {[%emt 00:00:32]} 23. Nxf5 {[%clk 00:49:46]} {[%emt 00:00:35]} gxf5
{[%clk 00:15:04]} {[%emt 00:00:10]} 24. Rh1 {[%clk 00:49:32]} {[%emt 00:00:43]}
Qf6 {[%clk 00:14:25]} {[%emt 00:01:09]} 25. Kf1 {[%clk 00:44:25]} {[%emt
00:05:38]} e4 {[%clk 00:12:48]} {[%emt 00:02:07]} 26. Qd4 {[%clk 00:41:34]}
{[%emt 00:03:20]} Qxd4 {[%clk 00:12:08]} {[%emt 00:01:11]} 27. Nxd4 {[%clk
00:41:52]} {[%emt 00:00:12]} Bg7 {[%clk 00:12:11]} {[%emt 00:00:27]} 28. Rd1
{[%clk 00:41:53]} {[%emt 00:00:28]} Bxd4 {[%clk 00:11:46]} {[%emt 00:00:55]}
29. Rxd4 {[%clk 00:42:18]} {[%emt 00:00:06]} Re5 {[%clk 00:10:24]} {[%emt
00:01:53]} 30. g3 {[%clk 00:41:34]} {[%emt 00:01:13]} h5 {[%clk 00:08:12]}
{[%emt 00:02:43]} 31. Ke2 {[%clk 00:41:36]} {[%emt 00:00:27]} Rae8 {[%clk
00:08:19]} {[%emt 00:00:23]} 32. Ke3 {[%clk 00:41:46]} {[%emt 00:00:20]} Kg6
{[%clk 00:07:51]} {[%emt 00:00:58]} 33. Re1 {[%clk 00:41:53]} {[%emt 00:00:23]}
Bc8 {[%clk 00:07:16]} {[%emt 00:01:05]} 1/2-1/2

[Event "DEM U12w 2022"]
[Site "Willingen GER"]
[Date "2022.06.06"]
[Round "3"]
[White "Mehner, Clara"]
[Black "Rössling, Laura Marie"]
[Result "1-0"]
[Termination "normal"]
[Board "13"]
[WhiteElo "1056"]
[BlackElo "1063"]
[PlyCount "45"]
[WhiteFideId "34612165"]
[BlackFideId "16289471"]
[EventCountry "GER"]
[EventRounds "9"]
[EventType "swiss"]
[EventDate "2022.06.04"]

1. e4 e5 2. Nf3 Nc6 3. Bc4 Bc5 4. O-O Nf6 5. d4 exd4 6. e5 d5 7. exf6 dxc4 8.
fxg7 Rg8 9. Bg5 Be7 10. Bh6 Bg4 11. h3 Bh5 12. Re1 Qd6 13. Bg5 O-O-O 14. Bxe7
Nxe7 15. Nbd2 Rxg7 16. Ne4 Qd7 17. Kh1 Rdg8 18. Nf6 Qf5 19. Nxg8 Bxf3 20. Nxe7+
Kd7 21. Qxd4+ Qd5 22. Nxd5 Bxg2+ 23. Kh2 1-0

[Event "DEM U12w 2022"]
[Site "Willingen GER"]
[Date "2022.06.06"]
[Round "3"]
[White "Kopylov, Diana"]
[Black "Vogt, Luna"]
[Result "1/2-1/2"]
[Termination "normal"]
[Board "14"]
[WhiteElo "1110"]
[BlackElo "1334"]
[PlyCount "108"]
[WhiteFideId "16268865"]
[BlackFideId "34607153"]
[EventCountry "GER"]
[EventRounds "9"]
[EventType "swiss"]
[EventDate "2022.06.04"]

1. d4 d5 2. c4 e6 3. cxd5 exd5 4. Nc3 c6 5. Qc2 g6 6. Nf3 Bf5 7. Qb3 Qb6 8.
Qxb6 axb6 9. Bf4 Nd7 10. e3 Ngf6 11. a3 Be7 12. Rd1 O-O 13. Bd3 Bxd3 14. Rxd3
Ne4 15. O-O Rfe8 16. Re1 Bd6 17. Ne2 Re7 18. g3 f6 19. Bxd6 Nxd6 20. Kg2 Nc4
21. Rb3 f5 22. Nf4 Nf6 23. h4 c5 24. Rc1 Ra4 25. Rb5 Ra5 26. Rxa5 Nxa5 27. dxc5
bxc5 28. Rxc5 b6 29. Rb5 Nc4 30. Nxd5 Nxd5 31. Rxd5 Nxb2 32. h5 Nc4 33. hxg6
hxg6 34. Rb5 Ra7 35. Ne5 Nxe5 36. Rxe5 Rxa3 37. Re6 Kf7 38. Rxb6 Rd3 39. Kf3
Kg7 40. g4 Rd5 41. g5 Re5 42. Kf4 Re4+ 43. Kf3 Rg4 44. Rb7+ Kf8 45. Rc7 Kg8 46.
Re7 Kf8 47. Rc7 Ke8 48. Rg7 Rxg5 49. Kf4 Kf8 50. Rc7 Rg4+ 51. Ke5 Rb4 52. Kf6
Rb6+ 53. Kg5 Re6 54. Rb7 Kg8 1/2-1/2